| 000 | 00506nam a2200181Ia 4500 | ||
|---|---|---|---|
| 008 | 240925s9999 xx 000 0 und d | ||
| 020 | _a70238545 | ||
| 082 | _a005.133 GOT | ||
| 100 | _aGottfried, Byron S. | ||
| 245 | 0 | _aSOS Theory of Problems of Programming with C | |
| 250 | _aNA | ||
| 260 |
_aToronto: _bMc Graw-Hill _c,1990. |
||
| 300 |
_axv,335p. _bNA _fOriginal |
||
| 500 | _aIncludes Index | ||
| 600 | _aComputer Science | ||
| 650 | _aComputer science, information & general works | ||
| 942 | _cBK | ||
| 999 |
_c3188 _d3188 |
||